<?xml version="1.0" encoding="UTF-8"?>
<record
    xmlns:xsi="http://www.w3.org/2001/XMLSchema-instance"
    xsi:schemaLocation="http://www.loc.gov/MARC21/slim http://www.loc.gov/standards/marcxml/schema/MARC21slim.xsd"
    xmlns="http://www.loc.gov/MARC21/slim">

  <leader>00934cam a22002291a 4500</leader>
  <controlfield tag="001">ne 68001128 </controlfield>
  <controlfield tag="003">DLC</controlfield>
  <controlfield tag="005">20260227111840.0</controlfield>
  <controlfield tag="008">890605s1967    le       b    000 0 ararc</controlfield>
  <datafield tag="010" ind1=" " ind2=" ">
    <subfield code="a">ne 68001128 </subfield>
  </datafield>
  <datafield tag="035" ind1=" " ind2=" ">
    <subfield code="a">(OCoLC)19818402</subfield>
  </datafield>
  <datafield tag="040" ind1=" " ind2=" ">
    <subfield code="a">Princeton Univ. Libr.</subfield>
    <subfield code="c">WaU</subfield>
    <subfield code="d">WaU</subfield>
    <subfield code="d">InU</subfield>
    <subfield code="d">DLC</subfield>
  </datafield>
  <datafield tag="050" ind1="0" ind2="0">
    <subfield code="a">PJ7750.I273</subfield>
    <subfield code="b">R5 1967</subfield>
  </datafield>
  <datafield tag="100" ind1="1" ind2=" ">
    <subfield code="a">Ibn Shuhayd, Ab&#x16B; &#x2BB;&#x100;mir A&#x1E25;mad,</subfield>
    <subfield code="d">992 or 993-1035.</subfield>
  </datafield>
  <datafield tag="245" ind1="1" ind2="0">
    <subfield code="a">Ris&#x101;lat al-taw&#x101;bi&#x2BB; wa-al-zaw&#x101;bi&#x2BB; /</subfield>
    <subfield code="c">li-Ibn Shuhayd al-Andalus&#x12B; ; &#x1E63;a&#x1E25;&#x1E25;a&#x1E25;ah&#x101; wa-&#x1E25;aqqaqa m&#x101; f&#x12B;h&#x101; wa-sharra&#x1E25;ah&#x101; wa-bawwabah&#x101; wa-&#x1E63;addarah&#x101; bi-dir&#x101;sah t&#x101;r&#x12B;kh&#x12B;yah adab&#x12B;yah Bu&#x1E6D;rus al-Bust&#x101;n&#x12B;.</subfield>
  </datafield>
  <datafield tag="260" ind1=" " ind2=" ">
    <subfield code="a">Bayr&#x16B;t :</subfield>
    <subfield code="b">D&#x101;r &#x1E62;&#x101;dir,</subfield>
    <subfield code="c">1967.</subfield>
  </datafield>
  <datafield tag="300" ind1=" " ind2=" ">
    <subfield code="a">157 p. ;</subfield>
    <subfield code="c">24 cm.</subfield>
  </datafield>
  <datafield tag="500" ind1=" " ind2=" ">
    <subfield code="a">Added t. p.: Ris&#x101;lat al-taw&#x101;bi&#x2BC; waz-Zaw&#x101;bi&#x2BC; [by] Ibn Sh&#x16B;h&#x101;id.</subfield>
  </datafield>
  <datafield tag="504" ind1=" " ind2=" ">
    <subfield code="a">Bibliography: p. 153.</subfield>
  </datafield>
  <datafield tag="700" ind1="1" ind2=" ">
    <subfield code="a">Bust&#x101;n&#x12B;, Bu&#x1E6D;rus.</subfield>
  </datafield>
  <datafield tag="740" ind1="0" ind2=" ">
    <subfield code="a">Ris&#x101;lat al-taw&#x101;bi&#x2BC; waz-Zaw&#x101;bi&#x2BC;.</subfield>
  </datafield>
  <datafield tag="999" ind1=" " ind2=" ">
    <subfield code="c">50233</subfield>
    <subfield code="d">50233</subfield>
  </datafield>
</record>
